Theoretical principles of inorganic chemistry / (Record no. 13124)

MARC details
000 -LEADER
fixed length control field 00972nam a22002777i 4500
003 - CONTROL NUMBER IDENTIFIER
control field EG-ScBUE
005 - DATE AND TIME OF LATEST TRANSACTION
control field 20250806094736.0
008 - FIXED-LENGTH DATA ELEMENTS--GENERAL INFORMATION
fixed length control field 100114r20041980ii a f b 00010 eeng d
020 ## - INTERNATIONAL STANDARD BOOK NUMBER
International Standard Book Number 0070965005
020 ## - INTERNATIONAL STANDARD BOOK NUMBER
International Standard Book Number 9780070965003
040 ## - CATALOGING SOURCE
Original cataloging agency EG-ScBUE
Language of cataloging eng
Description conventions rda
Transcribing agency EG-ScBUE
Modifying agency EG-ScBUE
082 04 - DEWEY DECIMAL CLASSIFICATION NUMBER
Edition number 22
Classification number 546
Item number MAN
100 1# - MAIN ENTRY--PERSONAL NAME
9 (RLIN) 10314
Personal name Manku, G. S.,
Relator term author.
245 10 - TITLE STATEMENT
Title Theoretical principles of inorganic chemistry /
Statement of responsibility, etc G. S. Manku, Hans Raj College, University of Delhi.
250 ## - EDITION STATEMENT
Edition statement Twentieth reprinted edition.
264 #1 - PUBLICATION, DISTRIBUTION, ETC. (IMPRINT)
Place of publication, distribution, etc New Delhi :
Name of publisher, distributor, etc Tata McGraw-Hill Publishing Company Limited,
Date of publication, distribution, etc 2004.
300 ## - PHYSICAL DESCRIPTION
Extent xxiv, 563 pages :
Other physical details illustrations ;
Dimensions 21 cm
336 ## - CONTENT TYPE
Source rdacontent
Content type term text
Content type code txt
337 ## - MEDIA TYPE
Media type term unmediated
Source rdamedia
Media type code n
338 ## - CARRIER TYPE
Carrier type term volume
Carrier type code nc
Source rdacarrier
500 ## - GENERAL NOTE
General note Includes Appendices.<br/>
504 ## - BIBLIOGRAPHY, ETC. NOTE
Bibliography, etc Includes bibliographical references and index.<br/>
650 #7 - SUBJECT ADDED ENTRY--TOPICAL TERM
9 (RLIN) 6017
Topical term or geographic name as entry element Chemistry, Inorganic.
Source of heading or term BUEsh
655 ## - INDEX TERM--GENRE/FORM
Form subdivision Reading book
942 ## - ADDED ENTRY ELEMENTS (KOHA)
Source of classification or shelving scheme Dewey Decimal Classification
Koha item type Book - Borrowing
Holdings
Withdrawn status Lost status Source of classification or shelving scheme Damaged status Not for loan Collection code Home library Current library Shelving location Date acquired Source of acquisition Total Checkouts Full call number Barcode Date last seen Date checked out Koha item type
    Dewey Decimal Classification     Baccah Central Library Central Library First floor 14/01/2010 Purchase 1 546 MAN 000019367 15/07/2025 14/12/2016 Book - Borrowing